Statistiques concernant Hindouisme

Cliquez ici pour prendre le quiz!

Statistiques générales

  • Ce quiz a été pris 27 fois
  • Le résultat moyen est 3 sur 16

Statistiques - réponses

Réponse% Correct
Shiva
83%
Ganesh
78%
Brahma
48%
Vishnu
43%
Krishna
22%
Parvati
22%
hanuman
17%
Rama
9%
Sarasvati
4%
Garuda
0%
Kama
0%
Lakshima
0%
Nandin
0%
Shiva Linga
0%
Skanda
0%
Vahana
0%

Distribution des résultats

Percentile par nombre de réponses

% des personnes avec chaque résultat

Votre développement - résultats

Vous n’avez pas pris ce quiz